00955nam a22003137a 4500001001000000003000900010005001700019007000300036008003400039040005400073041001000127072001900137100001700156110006500173245010800238260003400346300001100380500007200391650002600463650001900489650002400508650001500532650000900547650002900556650000900585650001800594650001700612650001200629BR0602766BR-BrBNA20230928102208.0ta230509b bl.||||| |||| 00| 0 por d aBR-BrBNAbporcBiblioteca Nacional de Agricultura a(Por) aP33; F04b19301 aFortes, C.A.1 aUniversidade Federal de Lavras, MG (Brasil)0Tese (Mestrado)1 aCorreção do solo com silicato de cálcio e magnésio para produção de gramíneas forrageiras3 aLavras, MG (Brasil): c2006.  a137 p. aSummaries (Eng, Por); Bibliography p. 111-119; 46 illus.; 30 tables aGRAMÍNEA FORRAGEIRA aACIDEZ DO SOLO aSILICATO DE SÓDIO aMAGNÉSIO aDOSE aCOMPOSIÇÃO QUÍMICA aSOLO aSATURAÇÃO aADUBAÇÃO aCALAGEM